SEKSEN GÜNDE DEVRİALEM ANTİK DÜNYA KLASİKLERİ (Record no. 645084)

MARC details
000 -LEADER
sabit uzunluktaki kontrol alanı 00284nam a2200097Ia 4500
001 - KONTROL NUMARASI
kontrol alanı 645084
005 - EN SON İŞLEMİN TARİH VE ZAMANI
kontrol alanı 20250826153617.0
008 - SABİT-UZUNLUKTA VERİ ÖĞELERİ--GENEL BİLGİ
sabit uzunluktaki kontrol alanı 250824s9999 xx 000 0 und d
245 #0 - ESER / YAZAR
ESER ADI SEKSEN GÜNDE DEVRİALEM ANTİK DÜNYA KLASİKLERİ
Yazar Adı JULES VERNE
260 ## - YAYIN, DAĞITIM, VB.
YAYIN EVİ ANTİK DÜNYA KLASİKLERİ
Holdings
Düşüm durumu Kayıp durumu Hasar Durumu Ödünç verilmez Ana kütüphane Geçerli Kütüphane Edinilen tarih Toplam ödünç verme sayısı Barkod İade tarihi Son görüntüleme tarihi Son ödünç verme tarihi Fiyatın geçerli olmaya başladığı tarih Koha materyal türü
        MUSTAFA BÜYÜKKAPLAN İMAM HATİP ORTAOKULU (ERKEK) MUSTAFA BÜYÜKKAPLAN İMAM HATİP ORTAOKULU (ERKEK) 24.08.2025 3 1005185 16.04.2026 01.04.2026 01.04.2026 26.08.2025 Books